000 00242nam a2200097Ia 4500
005 20251222114347.0
008 251222s1900||||xx |||||||||||||| ||spa||
082 _aDVD0070/M19/2010
245 0 _aEl árbol de la vida:The tree of life
942 _cDVD
999 _c1096
_d1096